| 000 | 02654cam a2200445 a 4500 | ||
|---|---|---|---|
| 999 |
_c947 _d947 |
||
| 001 | .b53573882 | ||
| 003 | OCoLC | ||
| 005 | 20191227150701.0 | ||
| 008 | 150417s2015 paua 000 1 eng d | ||
| 020 | _a9781594749315 | ||
| 040 |
_aDLC _beng _cDLC _dVTL _dSRC _dYDXCP _dGZE _dOCLCF _dAUOAC _dBTCTA _dATMAZ _dATSHR _dNZBAL _dAUMCS _dZHB _dOCLCO _dOCL _dOCLCO _dBPLCP _dOCLCO _dHLNDP _dOCLCQ _dOCLCO _dTXRHO _dOCLCO _dCWPCP _dOCLCO _dI8M _dOCL _dMTB _dCHILD _dOCLCQ _dOCLCO _dMZ3 _dNTNU |
||
| 042 | _anbic | ||
| 082 | _aFIC RIG | ||
| 100 | 1 |
_aRiggs, Ransom. _eauthor |
|
| 245 | 1 | 0 |
_aLibrary of souls / _cby Ransom Riggs. |
| 250 | _a1st pbk ed. | ||
| 260 | 1 |
_aPhiladelphia : _bQuirk Books, _c2017 |
|
| 300 |
_a458 p. : _bill. ; _c21 cm. |
||
| 336 |
_atext _2rdacontent. |
||
| 337 |
_aunmediated _2rdamedia. |
||
| 338 |
_avolume _2rdacarrier. |
||
| 490 | 1 |
_aMiss Peregrine's Peculiar Children ; _vThird novel. |
|
| 520 |
_a"A boy with extraordinary powers. An army of deadly monsters. An epic battle for the future of peculiardom. The adventure that began with Miss Peregrine's Home for Peculiar Children and continued in Hollow City comes to a thrilling conclusion with Library of Souls. As the story opens, sixteen-year-old Jacob discovers a powerful new ability, and soon he's diving through history to rescue his peculiar companions from a heavily guarded fortress. Accompanying Jacob on his journey are Emma Bloom, a girl with fire at her fingertips, and Addison MacHenry, a dog with a nose for sniffing out lost children. They'll travel from modern-day London to the labyrinthine alleys of Devil's Acre, the most wretched slum in all of Victorian England. It's a place where the fate of peculiar children everywhere will be decided once and for all. Like its predecessors, Library of Souls blends thrilling fantasy with never-before-published vintage photography to create a one-of-a-kind reading experience"-- _cProvided by publisher. |
||
| 650 | 0 |
_aAbnormalities, Human _vJuvenile fiction. |
|
| 650 | 0 |
_aRescues _vJuvenile fiction. |
|
| 650 | 0 |
_aTime travel _vJuvenile fiction. |
|
| 650 | 0 | _aFantasy. | |
| 650 | 1 |
_aSupernatural _vFiction. |
|
| 650 | 1 |
_aEscapes _vFiction. |
|
| 650 | 1 |
_aRescues _vFiction. |
|
| 651 | 0 |
_aEngland _vJuvenile fiction. |
|
| 655 | 0 | _aYoung adult fiction. | |
| 655 | 7 |
_aParanormal fiction. _2lcgft. |
|
| 655 | 7 |
_aFiction. _2fast _0(OCoLC)fst01423787. |
|
| 655 | 7 |
_aJuvenile works. _2fast _0(OCoLC)fst01411637. |
|
| 655 | 7 |
_aParanormal fiction. _2fast _0(OCoLC)fst01921727. |
|
| 655 | 7 |
_aYoung adult works. _2fast _0(OCoLC)fst01726790. |
|
| 800 | 1 |
_aRiggs, Ransom. _tNovel of Miss Peregrine's Peculiar Children ; _vThird. |
|
| 942 |
_2ddc _cFIC |
||